000 00780nmm a2200253 a 4500
001 ocm000595814
003 TR-IsHL
005 20201028134256.0
008 131121s2007 tu tur
007 cr cn
020 _a9789944313094
035 _a595814
_b(N$T)
050 0 4 _aKKX522.A29
_bD47 2007
090 0 4 _aKKX522.A29
_bD47 2007
245 1 0 _aDernekler kanunu
_h[electronic resource]
260 _aİstanbul :
_bYalın Yayıncılık,
_c2007
300 _a247 p.
650 4 _aHukuk
650 4 _aLaw
650 0 _aDernekler
_x Hukuk ve mevzuat
_x Türkiye
650 0 _aAssociations
_x Law and legislation
_x Turkey
650 7 _aLAW / General
_2bisacsh
856 4 0 _uhttp://search.ebscohost.com/login.aspx?direct=true&scope=site&db=e011xww&AN=595814
999 _c6102
_d6102